<?xml version="1.0" encoding="UTF-8"?><?xml-stylesheet type="text/xsl" href="static/style.xsl"?><OAI-PMH xmlns="http://www.openarchives.org/OAI/2.0/" xmlns:xsi="http://www.w3.org/2001/XMLSchema-instance" xsi:schemaLocation="http://www.openarchives.org/OAI/2.0/ http://www.openarchives.org/OAI/2.0/OAI-PMH.xsd"><responseDate>2026-04-13T02:41:31Z</responseDate><request verb="GetRecord" identifier="oai:www.recercat.cat:2099.1/11978" metadataPrefix="marc">https://recercat.cat/oai/request</request><GetRecord><record><header><identifier>oai:recercat.cat:2099.1/11978</identifier><datestamp>2025-07-24T17:58:15Z</datestamp><setSpec>com_2072_1033</setSpec><setSpec>col_2072_452951</setSpec></header><metadata><record xmlns="http://www.loc.gov/MARC21/slim" xmlns:dcterms="http://purl.org/dc/terms/" xmlns:xsi="http://www.w3.org/2001/XMLSchema-instance" xmlns:doc="http://www.lyncode.com/xoai" xsi:schemaLocation="http://www.loc.gov/MARC21/slim http://www.loc.gov/standards/marcxml/schema/MARC21slim.xsd">
   <leader>00925njm 22002777a 4500</leader>
   <datafield ind2=" " ind1=" " tag="042">
      <subfield code="a">dc</subfield>
   </datafield>
   <datafield ind2=" " ind1=" " tag="720">
      <subfield code="a">Rull i Sanahuja, Aleix</subfield>
      <subfield code="e">author</subfield>
   </datafield>
   <datafield ind2=" " ind1=" " tag="260">
      <subfield code="c">2011-03</subfield>
   </datafield>
   <datafield ind2=" " ind1=" " tag="520">
      <subfield code="a">En projecte té com a objectiu el disseny, la implementació i el control d'un robot&#xd;
paral·lel de 5 graus de llibertat. El resultat de la implementació es pot observar en la fi gura 44.&#xd;
El robot en qüestió guarda semblances amb un pentapode. Un pentapode és un&#xd;
manipulador paral·lel complet amb un eix axial com a plataforma mòbil. El robot&#xd;
implementat es diferencia d'un pentapode en la disposició dels actuadors.&#xd;
Aquest tipus de manipuladors suposen una interessant alternativa als robots serie&#xd;
que manipulen eines amb simetria axial. La seva geometria particular permet assolir&#xd;
angles de gairebé 90o d'inclinació superant així les limitacions de la plataforma clàssica del tipus Stewart.&#xd;
El disseny del robot intenta complir els requeriments establerts, tenint en compte les&#xd;
limitacions mecàniques que sorgeixen per la complexitat del robot. La implementació&#xd;
consta de dues etapes, la fabricació i muntatge del robot i el control d'aquest per tal de generar trajectòries simples.</subfield>
   </datafield>
   <datafield tag="653" ind2=" " ind1=" ">
      <subfield code="a">Àrees temàtiques de la UPC::Informàtica::Robòtica</subfield>
   </datafield>
   <datafield tag="653" ind2=" " ind1=" ">
      <subfield code="a">Parallel robots</subfield>
   </datafield>
   <datafield tag="653" ind2=" " ind1=" ">
      <subfield code="a">Robots en paral·lel</subfield>
   </datafield>
   <datafield ind2="0" ind1="0" tag="245">
      <subfield code="a">Disseny, implementació i control d’un robot paral·lel de 5 graus de llibertat</subfield>
   </datafield>
</record></metadata></record></GetRecord></OAI-PMH>